000 00622nam a2200241Ia 4500
003 OSt
005 20220918210534.0
006 a|||||r|||| 00| 0
007 ta
008 220917b |||||||| |||| 00| 0 eng d
024 _a120,862
037 _cTextual
040 _aARTS
_cARTS
_beng
041 _2eng
_aeng
082 _aWwI69, K1
100 _aHale J R
_994714
245 0 _aMachiavelli and renaissance Italy
260 _c1961
490 _aTeach yourself history library ed by A L Rowse
650 _aPOLITICAL SCIENCE
942 _hWwI69, K1
_cTEXL
_2CC
999 _c244118
_d244118